000 00454nam a2200193Ia 4500
005 20240823013419.0
008 240823s9999||||xx |||||||||||||| ||und||
020 _a81-7808-339-6
041 _aENGLISH
082 _A621 P1
100 _aBolton W
245 0 _aMechatronics
250 _a2nd
260 _c2001
_b"Pearson,Singapore"
500 _aTRANSFERED
650 _aMechatronics
_bAeronautical Engineering
942 _cBK
999 _c167168
_d167168